| 000 | 00727cam a2200217 a 4500 | ||
|---|---|---|---|
| 001 | 000013384 | ||
| 005 | 20240501133509.0 | ||
| 008 | 880817s1987 cu b 000 0 spa | ||
| 040 |
_aDO-SdBNP _bspa _cLC _dBNPHU |
||
| 082 |
_a338.064 _bT113p |
||
| 100 |
_aTablada Pérez, Carlos. _d1948- _946055 |
||
| 245 | 1 | 3 |
_aEl pensamiento económico de Ernesto Che Guevara / _cCarlos Tablada Pérez. |
| 260 |
_aLa Habana : _bCasa de las Américas, _c1987. |
||
| 300 |
_a212 p. ; _c23 cm. |
||
| 504 | _aReferencias bibliográficas p. [185]-205. | ||
| 600 | 1 | 0 |
_aGUEVARA, ERNESTO, _d1928-1967. _919253 |
| 650 | 0 |
_aEconomía marxista _99435 |
|
| 650 | 4 |
_aSocialismo _zCuba. _95958 |
|
| 910 | _aCatalogación por copia / LC | ||
| 049 | _aBNGR | ||
| 999 |
_c13010 _d13010 |
||